|
|
|
|
| LEADER |
00000csc a2200000 a 4500 |
| 001 |
73744-4 |
| 005 |
20230308212751.0 |
| 008 |
000000|1961 ||||||||r|||||||||||spa|| |
| 040 |
|
|
|b spa
|
| 041 |
1 |
|
|a spa
|
| 082 |
0 |
|
|a 660.3
|
| 245 |
|
|
|a Enciclopedia de tecnología Química: celofán a cobre
|c Raymond E. Kirk y Donald F. Othmer; Oscar G. Carrera et al., trad.
|h imp
|n tomo. 4
|
| 264 |
|
|
|a Barcelona
|b Unión Tipográfica Editorial Hispano-Americana
|c 1961
|
| 300 |
|
|
|a 1047 páginas:
|
| 490 |
|
|
|a Enciclopedia de tecnología química
|
| 500 |
|
|
|a De celofán a cobre
|
| 650 |
1 |
|
|a Enciclopedia
|9 237197
|
| 650 |
1 |
|
|a Tecnologia quimica
|
| 700 |
1 |
|
|a Kirk, Raimond E.
|9 291900
|
| 700 |
1 |
|
|a Othmer, Donald F., dir.
|9 291901
|
| 852 |
|
|
|a UC-CDJBV
|c SEGUNDO PISO
|f Compra
|k zulay.encalada
|l 1
|m Limitada
|p 00000000
|q 10,140
|t 73744-4
|b 1
|d CDRC
|e CDRC
|g 660.3 SEGUNDO PISO
|z 0000-00-00
|
| 942 |
|
|
|
| 999 |
|
|
|c 123163
|d 123163
|